Statistics for The Beatles "Love" Songs

Click here to take the quiz!

General Stats

  • This quiz has been taken 1,001 times
  • The average score is 6 of 14

Answer Stats

HintAnswer% Correct
7Love Me Do
82%
2All You Need Is Love
78%
12She Loves You
72%
1All My Loving
58%
3And I Love Her
55%
4Can't Buy Me Love
47%
8Love You Too
41%
10P.S. I Love You
41%
9Lovely Rita
37%
14You've Got To Hide Your Love Away
28%
5It's Only Love
26%
11Real Love
10%
6Love Of The Loved
2%
13Step Inside Love
1%

Score Distribution

Percentile by Number Answered

Percent of People with Each Score

Your Score History

You have not taken this quiz